000 00357nam a2200145Ia 4500
008 150201s1997 xx 000 0 und d
082 _a617.63
_bS1997R
100 _aRAIT,P.G.
245 _aSELF ASSESSMENT PICTURE TESTS : ORAL RADIOLOGY
250 _a1ST
260 _bMOSBY
_aDELHI
_c1997
300 _a1-124
650 _aORAL MEDICINE
942 _2ddc
_cBK
999 _c3807
_d3807